Maricota sem dona (Record no. 171338)

MARC details
000 -LÍDER
campo de controle de tamanho fixo 00362 a2200169 4500
001 - NÚMERO DE CONTROLE
campo de controle 171338
020 ## - ISBN - INTERNATIONAL STANDARD BOOK NUMBER
ISBN - International Standard Book Number 85-215-0215-X
040 ## - FONTE DA CATALOGAÇÃO
Instituição que transcreveu o registro Magnum
100 ## - ENTRADA PRINCIPAL--NOME PESSOAL
Nome pessoal Mazzetti, Maria
240 10 - TÍTULO UNIFORME
Título uniforme Maricota sem dona
Idioma da obra por
245 10 - TÍTULO
Título Maricota sem dona
300 ## - DESCRIÇÃO FÍSICA
Extensão 16
362 0# - DATAS DE PUBLICAÇÃO E/OU DESIGNAÇÃO SEQUENCIAL
Datas de publicação e/ou designação sequencial 1985
440 #1 - DECLARAÇÃO DE SÉRIE/ENTRADA ADICIONADA--TÍTULO
Título Ao Livro Técnico
697 ## - ENTRADA DE ASSUNTO LOCAL--ENTIDADE COLETIVA (RLIN)
Nome corporativo ou nome da jurisdição LITERATURA INFANTO
942 ## - ELEMENTOS DE ENTRADA ADICIONADOS (KOHA)
Tipo de material Koha Livros
Holdings
Situação do descarte Situação das perdas Situação física Não pode ser emprestado Biblioteca de origem Biblioteca atual Data de aquisição Total de empréstimos Número de chamada completo Código de barras Data de último acesso Data do preço efetivo Tipo de material Koha
        Magnum Magnum 08/06/2024   869.1.550 MAG00016423 08/06/2024 08/06/2024 Livros
        Magnum Magnum 08/06/2024   869.1.550 MAG00016424 08/06/2024 08/06/2024 Livros
        Magnum Magnum 08/06/2024   869.1.550 MAG00016426 08/06/2024 08/06/2024 Livros